000 00545nam a22001457a 4500
005 20120418122434.0
020 _c00.00
035 _aB-8293
037 _aDPL
_bENG
245 _aAgeing in India /
_cedited by S.D. Gokhale and others
260 _aMumbai
_bSomaiya Publications Pvt. Ltd.
_c1999
300 _axiv, 238p.
_c20 cms.
942 _2ddc
_cEN
_h305.260954
_mGOK
999 _c65209
_d65209